[Event "27. Torneo San Viator 2016"]
[Site "Madrid ESP"]
[Date "2016.10.02"]
[Round "2.3"]
[White "Garcia Martin, Esteban"]
[Black "Perez Calahorra, Ricardo"]
[Result "0-1"]
[WhiteElo "1881"]
[BlackElo "2136"]
[PlyCount "110"]
[EventDate "2016.09.25"]
[EventType "swiss"]
[EventRounds "9"]
[EventCountry "ESP"]
[Source "lmi"]
[SourceDate "2016.09.25"]

1. c4 e5 2. Nc3 Nf6 3. g3 c6 4. d4 exd4 5. Qxd4 d5 6. Bg2 Be6 7. cxd5 cxd5 8.
Nf3 Nc6 9. Qa4 Bc5 10. O-O O-O 11. Bg5 h6 12. Bxf6 Qxf6 13. e4 d4 14. Nd5 Bxd5
15. exd5 Ne7 16. Rad1 Nxd5 17. Qc4 Qd6 18. Nxd4 Nb6 19. Qc3 Na4 20. Qb3 Bxd4
21. Qxa4 Rfd8 22. Qb5 Qf6 23. Qe2 Rd7 24. b3 Rad8 25. Rc1 Bb6 26. Rc2 g6 27.
Qf3 Qd6 28. Rfc1 h5 29. Bf1 Qe7 30. Re2 Qg5 31. Rec2 Rd2 32. Rxd2 Rxd2 33. Rc8+
Kg7 34. Be2 Qe5 35. Kf1 Rxa2 36. Rc4 Qe6 37. Re4 Qh3+ 38. Kg1 Ra1+ 39. Bd1 Rc1
40. Re1 Qd7 41. Qe2 Qd4 42. Rf1 Rc6 43. Kg2 Rf6 44. Qc2 h4 45. Qe2 Qd5+ 46. f3
Qd7 47. g4 Rd6 48. Kh3 Rd2 49. Qe5+ f6 50. Qe1 Bc7 51. Rh1 Qd6 52. Qg1 g5 53.
b4 Qxb4 54. Qxa7 Qf4 55. Qg1 Rb2 0-1

[Event "27. Torneo San Viator 2016"]
[Site "Madrid ESP"]
[Date "2016.10.02"]
[Round "2.4"]
[White "Aguilera Lopez, Alejandro"]
[Black "Rodriguez Bittar, Karim Javier"]
[Result "1-0"]
[WhiteElo "2113"]
[BlackElo "1936"]
[PlyCount "61"]
[EventDate "2016.09.25"]
[EventType "swiss"]
[EventRounds "9"]
[EventCountry "ESP"]
[Source "lmi"]
[SourceDate "2016.09.25"]

1. d4 d5 2. Nf3 e6 3. e3 c6 4. Bd3 f5 5. c4 Nf6 6. Nbd2 Be7 7. b3 O-O 8. Bb2
Ne4 9. O-O Nd7 10. Rc1 Rf6 11. Ne5 Nxe5 12. dxe5 Rh6 13. f3 Nxd2 14. Qxd2 Qe8
15. e4 fxe4 16. fxe4 Bc5+ 17. Kh1 Rxh2+ 18. Kxh2 Qh5+ 19. Kg3 Qg6+ 20. Kf3 Qh5+
21. g4 Qh3+ 22. Ke2 Qxg4+ 23. Ke1 dxe4 24. Be2 Qh4+ 25. Kd1 e3 26. Qd3 Bd7 27.
Kc2 Qe7 28. Rh1 h6 29. Rcg1 Qf7 30. Rxh6 Qf5 31. Qxf5 1-0

[Event "27. Torneo San Viator 2016"]
[Site "Madrid ESP"]
[Date "2016.10.02"]
[Round "2.5"]
[White "Lopez Nunez, Roberto"]
[Black "Unciti Juan, Javier"]
[Result "1/2-1/2"]
[WhiteElo "1775"]
[BlackElo "2110"]
[PlyCount "84"]
[EventDate "2016.09.25"]
[EventType "swiss"]
[EventRounds "9"]
[EventCountry "ESP"]
[Source "lmi"]
[SourceDate "2016.09.25"]

1. e4 e6 2. d4 d5 3. Bd3 c5 4. exd5 exd5 5. Nf3 c4 6. Be2 Bb4+ 7. Bd2 Bxd2+ 8.
Qxd2 Nf6 9. Nc3 O-O 10. O-O Nc6 11. Rfd1 Bf5 12. Ne5 Re8 13. Nxc6 bxc6 14. b3
cxb3 15. axb3 a5 16. Bd3 Bxd3 17. Qxd3 Qd6 18. Ra2 Qf4 19. Ne2 Qg4 20. Ng3 h5
21. h3 Qe6 22. Qf5 h4 23. Qxe6 Rxe6 24. Nf5 g5 25. Rda1 Rae8 26. Ne3 Ne4 27.
Rxa5 Nxf2 28. Kxf2 Rxe3 29. Rc5 Re2+ 30. Kf1 R2e6 31. c4 Rf6+ 32. Kg1 Re2 33.
Rf1 Rd6 34. cxd5 cxd5 35. Rf5 f6 36. Rcxd5 Re1+ 37. Kf2 Rde6 38. Rb5 Kg7 39. d5
R6e2+ 40. Kf3 Re3+ 41. Kf2 R3e2+ 42. Kf3 Re3+ 1/2-1/2

[Event "27. Torneo San Viator 2016"]
[Site "Madrid ESP"]
[Date "2016.10.02"]
[Round "2.6"]
[White "Afana, Adham Jj"]
[Black "Padin Lazaro, Jose Manuel"]
[Result "1-0"]
[WhiteElo "2095"]
[BlackElo "1913"]
[PlyCount "49"]
[EventDate "2016.09.25"]
[EventType "swiss"]
[EventRounds "9"]
[EventCountry "ESP"]
[Source "lmi"]
[SourceDate "2016.09.25"]

1. e4 e6 2. d3 d5 3. Nd2 c5 4. Ngf3 Nc6 5. g3 Bd6 6. Bg2 Nge7 7. O-O O-O 8. Re1
Qc7 9. c3 Bd7 10. Nf1 f6 11. Nh4 d4 12. a4 e5 13. g4 a6 14. Nf5 g6 15. Nh6+ Kh8
16. h4 f5 17. exf5 gxf5 18. Bg5 Qc8 19. Ng3 Be6 20. Nh5 Ng8 21. Nxg8 Kxg8 22.
Bh6 Rf7 23. Qd2 f4 24. g5 f3 25. Nf6+ 1-0

[Event "27. Torneo San Viator 2016"]
[Site "Madrid ESP"]
[Date "2016.10.02"]
[Round "2.7"]
[White "Braziunaite, Rasa"]
[Black "Cervino Rossel, Cristobal"]
[Result "0-1"]
[WhiteElo "1384"]
[BlackElo "2052"]
[PlyCount "66"]
[EventDate "2016.09.25"]
[EventType "swiss"]
[EventRounds "9"]
[EventCountry "ESP"]
[Source "lmi"]
[SourceDate "2016.09.25"]

1. b3 Nf6 2. Nf3 g6 3. Bb2 Bg7 4. e3 O-O 5. c4 d6 6. d4 Nbd7 7. Be2 c6 8. O-O
Qc7 9. Ne1 Rd8 10. Nd2 e5 11. dxe5 dxe5 12. e4 Nc5 13. f3 Ne6 14. Kh1 Nh5 15.
Nd3 Nhf4 16. Nxf4 Nxf4 17. Qe1 Qb6 18. Rd1 Qe3 19. Rf2 Be6 20. Bf1 Qc5 21. Bc3
a5 22. Rb1 Nd3 23. Bxd3 Rxd3 24. b4 Qa7 25. Ba1 axb4 26. Rxb4 Qxa2 27. Bb2 Qa5
28. Rxb7 Rad8 29. Bc1 Bxc4 30. Rb2 Be6 31. Qd1 Qa1 32. Qc2 Bh6 33. Qc3 Rxc3 0-1

[Event "27. Torneo San Viator 2016"]
[Site "Madrid ESP"]
[Date "2016.10.02"]
[Round "2.8"]
[White "Cabanas Bravo, Juan Andres"]
[Black "Garcia Sanjuan, Jose"]
[Result "1-0"]
[WhiteElo "2007"]
[BlackElo "1880"]
[PlyCount "89"]
[EventDate "2016.09.25"]
[EventType "swiss"]
[EventRounds "9"]
[EventCountry "ESP"]
[Source "lmi"]
[SourceDate "2016.09.25"]

1. e4 b6 2. d4 Bb7 3. Bd3 e6 4. Nf3 Nf6 5. e5 Nd5 6. Be4 c6 7. h4 h6 8. c3 Be7
9. Qc2 Na6 10. a3 Ndc7 11. Nbd2 b5 12. Nb3 Nd5 13. Be3 Qb6 14. O-O-O Nac7 15.
Rh3 O-O-O 16. h5 a5 17. Rg3 Bf8 18. Nh2 b4 19. axb4 axb4 20. c4 Nxe3 21. fxe3
f5 22. exf6 gxf6 23. Rg6 f5 24. Bf3 Be7 25. Kb1 Qa7 26. g4 Ba6 27. gxf5 exf5
28. d5 Qxe3 29. d6 Bxd6 30. Rdxd6 Qf4 31. Rd4 Qe5 32. Bh1 Ne6 33. Rd1 Nf4 34.
Rgd6 Bb7 35. Nf3 Qe4 36. Qxe4 fxe4 37. Ne5 Rde8 38. Nxd7 Nxh5 39. Ndc5 Ng3 40.
Na5 Ba8 41. Na6 Rh7 42. Bg2 Nf5 43. Bh3 Rf7 44. Bxf5+ Rxf5 45. Rd7 1-0

[Event "27. Torneo San Viator 2016"]
[Site "Madrid ESP"]
[Date "2016.10.02"]
[Round "2.9"]
[White "Luque Ibanez, Manuel"]
[Black "Munoz Cebey, Ricardo"]
[Result "1-0"]
[WhiteElo "1989"]
[BlackElo "1758"]
[PlyCount "131"]
[EventDate "2016.09.25"]
[EventType "swiss"]
[EventRounds "9"]
[EventCountry "ESP"]
[Source "lmi"]
[SourceDate "2016.09.25"]

1. e4 c5 2. Nf3 g6 3. d4 cxd4 4. Nxd4 Nc6 5. c4 Nf6 6. Nc3 d6 7. Be2 Nxd4 8.
Qxd4 Bg7 9. Bg5 O-O 10. Qd2 Be6 11. O-O Qa5 12. Nd5 Qxd2 13. Nxe7+ Kh8 14. Bxd2
Nxe4 15. Be3 b6 16. Rab1 Rfe8 17. Nd5 Bxd5 18. cxd5 Rac8 19. Bb5 Red8 20. Rfe1
Kg8 21. a4 Nf6 22. Bc6 Nd7 23. b4 Ne5 24. b5 Nd3 25. Re2 Nc5 26. Ra2 Rc7 27. a5
Be5 28. axb6 axb6 29. g3 Kg7 30. Kg2 Bc3 31. Ra6 Nxa6 32. bxa6 Ba5 33. Bxb6
Bxb6 34. Rxb6 Ra7 35. Bb7 Kf6 36. Rc6 Rd7 37. Rb6 Rd8 38. f4 Ke7 39. Rb4 Rb8
40. Rb5 Kd8 41. Kf3 Ke7 42. g4 f5 43. gxf5 gxf5 44. Rb2 Kf6 45. Re2 Rbxb7 46.
axb7 Rxb7 47. Re6+ Kf7 48. Rxd6 Re7 49. Rh6 Kg7 50. Rc6 Rd7 51. d6 Kf6 52. Ke3
Ke6 53. Kd3 Kd5 54. Ra6 Kc5 55. Ra5+ Kxd6 56. Rxf5 Ke6+ 57. Ke4 Rd4+ 58. Kxd4
Kxf5 59. Ke3 h6 60. Kf3 h5 61. h3 h4 62. Ke3 Kf6 63. Ke4 Ke6 64. f5+ Kf6 65.
Kf4 Kf7 66. Kg5 1-0

[Event "27. Torneo San Viator 2016"]
[Site "Madrid ESP"]
[Date "2016.10.02"]
[Round "2.10"]
[White "Luna Hermoso, Angel"]
[Black "Jimenez Elices, Jose Maria"]
[Result "1-0"]
[WhiteElo "1976"]
[BlackElo "1785"]
[PlyCount "57"]
[EventDate "2016.09.25"]
[EventType "swiss"]
[EventRounds "9"]
[EventCountry "ESP"]
[Source "lmi"]
[SourceDate "2016.09.25"]

1. d4 d5 2. c4 e6 3. Nf3 Nf6 4. g3 Be7 5. Bg2 O-O 6. Nc3 c6 7. O-O Nbd7 8. b3
Re8 9. Qc2 Bd6 10. Rd1 Qe7 11. Bb2 e5 12. cxd5 e4 13. dxc6 bxc6 14. Ng5 e3 15.
f3 h6 16. Nge4 Ba3 17. Bxa3 Qxa3 18. Qc1 Qxc1 19. Raxc1 Ba6 20. Rc2 Nd5 21.
Nxd5 cxd5 22. Nc5 Nxc5 23. dxc5 Rad8 24. Rd4 f5 25. f4 Re4 26. Bxe4 fxe4 27. c6
Rd6 28. c7 Bc8 29. Rc5 1-0

[Event "27. Torneo San Viator 2016"]
[Site "Madrid ESP"]
[Date "2016.10.02"]
[Round "2.11"]
[White "Zhou, Lulu"]
[Black "Quintero Torres, Pedro"]
[Result "0-1"]
[WhiteElo "1746"]
[BlackElo "1958"]
[PlyCount "186"]
[EventDate "2016.09.25"]
[EventType "swiss"]
[EventRounds "9"]
[EventCountry "ESP"]
[Source "lmi"]
[SourceDate "2016.09.25"]

1. e4 c5 2. Nf3 e6 3. d4 cxd4 4. Nxd4 a6 5. Nc3 Nc6 6. a3 Nf6 7. Be2 d5 8. exd5
exd5 9. O-O Be7 10. Bf3 O-O 11. Re1 Bd6 12. Bg5 h6 13. Be3 Ne5 14. Bf4 Nxf3+
15. Qxf3 Bxf4 16. Qxf4 Qb6 17. Na4 Qa5 18. Nc3 Bd7 19. Nf5 Bxf5 20. Qxf5 Qb6
21. b4 Qc6 22. Ne2 Rfe8 23. Qd3 Qe6 24. Qd2 Ne4 25. Qd3 Qf6 26. f3 Ng5 27. Rad1
Rad8 28. Nd4 Ne6 29. Nxe6 fxe6 30. c4 d4 31. Qe4 Rd7 32. c5 g6 33. a4 Kf7 34.
c6 bxc6 35. Qxc6 Red8 36. Rd3 Rd6 37. Qc4 g5 38. b5 axb5 39. axb5 Qf5 40. g4
Qd5 41. Qxd5 Rxd5 42. Rb1 Rb8 43. Kf2 Rb6 44. Rd2 e5 45. Rdb2 Ke6 46. Ke2 Rc5
47. Kd2 Kd5 48. Rb3 Rc4 49. Kd3 Ra4 50. R1b2 Ra1 51. Rb1 Ra4 52. R1b2 Rc4 53.
Rb1 Rc5 54. R1b2 Rc1 55. Kd2 Rf1 56. Ke2 Rh1 57. Kd3 Re1 58. Kd2 Ra1 59. Kd3
Rc1 60. Kd2 Rc4 61. Kd3 Rc7 62. Rb1 Rf7 63. Rf1 Rf4 64. h3 h5 65. gxh5 Rh4 66.
Rh1 Rxh5 67. Rb2 Rh4 68. Ke2 e4 69. fxe4+ Kxe4 70. Rb3 g4 71. Kf2 Rxh3 72.
Rbxh3 gxh3 73. Rxh3 Rxb5 74. Ke2 Rb2+ 75. Kd1 Rg2 76. Ra3 Rf2 77. Ke1 Rh2 78.
Kd1 Rg2 79. Ke1 Rc2 80. Rh3 Rc3 81. Rh4+ Kd3 82. Kd1 Kc4 83. Rg4 Re3 84. Kd2
Rd3+ 85. Kc2 Ra3 86. Rg8 Ra2+ 87. Kd1 Kc3 88. Rg3+ d3 89. Ke1 Ra1+ 90. Kf2 Kc2
91. Rg8 Ra3 92. Rg1 d2 93. Ke2 Ra7 0-1

[Event "27. Torneo San Viator 2016"]
[Site "Madrid ESP"]
[Date "2016.10.02"]
[Round "2.12"]
[White "Lizon Martinez, Santiago"]
[Black "Morera Rodriguez, Ignacio"]
[Result "1/2-1/2"]
[WhiteElo "1757"]
[BlackElo "1942"]
[PlyCount "76"]
[EventDate "2016.09.25"]
[EventType "swiss"]
[EventRounds "9"]
[EventCountry "ESP"]
[Source "lmi"]
[SourceDate "2016.09.25"]

1. e4 c5 2. Nf3 d6 3. d4 cxd4 4. Nxd4 Nf6 5. Nc3 a6 6. h3 e6 7. g4 h6 8. Bg2
Be7 9. O-O Qc7 10. Qe2 Nc6 11. Be3 Bd7 12. Nb3 b5 13. a3 Rc8 14. f4 b4 15. axb4
Nxb4 16. Nd4 e5 17. Nf5 Bxf5 18. exf5 Qc4 19. Qxc4 Rxc4 20. fxe5 dxe5 21. Rf2
O-O 22. Ra5 e4 23. Bf1 Rc6 24. Bg2 Bd8 25. Ra4 Nbd5 26. Nxd5 Nxd5 27. Bxe4 Nxe3
28. Bxc6 Bb6 29. Kh1 Rd8 30. Ra1 Nxg4 31. Re2 Ne3 32. Be4 a5 33. b3 Nd1 34. Bd3
Nf2+ 35. Rxf2 Bxf2 36. Rxa5 h5 37. b4 Be1 38. Ra4 Rb8 1/2-1/2

[Event "27. Torneo San Viator 2016"]
[Site "Madrid ESP"]
[Date "2016.10.02"]
[Round "2.13"]
[White "Del Noval Nemeshazi, Nesztor"]
[Black "Perez Perez, Diego Ii"]
[Result "1-0"]
[WhiteElo "1932"]
[BlackElo "1750"]
[PlyCount "71"]
[EventDate "2016.09.25"]
[EventType "swiss"]
[EventRounds "9"]
[EventCountry "ESP"]
[Source "lmi"]
[SourceDate "2016.09.25"]

1. e4 e6 2. d4 d5 3. Nc3 Nf6 4. Bg5 dxe4 5. Nxe4 Nbd7 6. Nf3 Be7 7. Bxf6 Nxf6
8. Bd3 O-O 9. Qe2 Qd5 10. O-O Nxe4 11. Bxe4 Qh5 12. c4 c5 13. Rad1 cxd4 14.
Rxd4 Rb8 15. Rfd1 b5 16. b3 Bf6 17. Rd6 bxc4 18. Qxc4 Be7 19. Rc6 Rb4 20. Qc2
Bb7 21. Rc4 Bxe4 22. Rxe4 Rxe4 23. Qxe4 Qa5 24. Qb7 Bf6 25. a4 Rd8 26. Rxd8+
Qxd8 27. g3 a5 28. b4 axb4 29. Qxb4 g6 30. a5 Qa8 31. Nd2 Bd8 32. Nc4 Qa7 33.
Qb5 Kf8 34. a6 Ke7 35. Ne5 Kd6 36. Nc6 1-0

[Event "27. Torneo San Viator 2016"]
[Site "Madrid ESP"]
[Date "2016.10.02"]
[Round "2.14"]
[White "Guillo Longares, Cecilia"]
[Black "Sotoca Aguado, Jose"]
[Result "0-1"]
[WhiteElo "1705"]
[BlackElo "1900"]
[PlyCount "100"]
[EventDate "2016.09.25"]
[EventType "swiss"]
[EventRounds "9"]
[EventCountry "ESP"]
[Source "lmi"]
[SourceDate "2016.09.25"]

1. d4 Nf6 2. c4 e6 3. Nc3 Bb4 4. Qc2 c5 5. dxc5 Bxc5 6. Nf3 Nc6 7. Bg5 h6 8.
Bh4 O-O 9. e3 Be7 10. Bd3 Nb4 11. Qd2 Nxd3+ 12. Qxd3 a6 13. O-O Qb6 14. Rab1
Rd8 15. Ne4 g5 16. Nfxg5 hxg5 17. Bxg5 e5 18. Nxf6+ Bxf6 19. Qf5 Kg7 20. Qg4 d5
21. Bxf6+ Kxf6 22. Qh4+ Kg7 23. Qg5+ Kf8 24. Qxe5 Qe6 25. Qh8+ Ke7 26. Qh4+ Qf6
27. Qxf6+ Kxf6 28. Rfd1 Be6 29. c5 Ke5 30. Rd4 Bd7 31. Rbd1 Bc6 32. f4+ Ke6 33.
e4 f5 34. e5 Rg8 35. R1d3 Rg6 36. g3 a5 37. b3 a4 38. bxa4 Rxa4 39. Rxa4 Bxa4
40. Ra3 Bc6 41. Rb3 d4 42. h3 Kd5 43. Kf2 Rg8 44. Ra3 Kxc5 45. h4 Kc4 46. Ke2
Be4 47. h5 d3+ 48. Kf2 d2 49. Ke2 Rd8 50. Kd1 Bc2+ 0-1

[Event "27. Torneo San Viator 2016"]
[Site "Madrid ESP"]
[Date "2016.10.02"]
[Round "2.15"]
[White "Soderstrom, Henrik"]
[Black "Llases Gonzalez, Luis"]
[Result "1/2-1/2"]
[WhiteElo "1802"]
[BlackElo "1734"]
[PlyCount "138"]
[EventDate "2016.09.25"]
[EventType "swiss"]
[EventRounds "9"]
[EventCountry "ESP"]
[Source "lmi"]
[SourceDate "2016.09.25"]

1. e4 e5 2. Nf3 Nf6 3. d3 Nc6 4. c4 Bc5 5. h3 h6 6. Nc3 d6 7. a3 a5 8. Be2 O-O
9. O-O Re8 10. Kh2 Nh7 11. Ng1 Nf8 12. f4 exf4 13. Bxf4 Ne6 14. Bd2 Ned4 15.
Rb1 Ne5 16. Qe1 c6 17. Qg3 Re6 18. Bh5 Bd7 19. Nge2 Be8 20. Nxd4 Bxd4 21. Ne2
Bb6 22. b3 Bc7 23. Nd4 Rf6 24. Nf5 g5 25. h4 d5 26. Kh1 Nxc4 27. Qf2 Nxd2 28.
Qxd2 Bf4 29. Rxf4 gxf4 30. Qxf4 Rxf5 31. exf5 Qf6 32. Re1 Bd7 33. g4 Qxh4+ 34.
Kg2 Qxe1 35. Qxh6 Qe2+ 36. Kg3 Qe1+ 37. Kg2 Re8 38. Qg5+ Kf8 39. Qh6+ Ke7 40.
Qf4 Qe2+ 41. Kg1 Qe1+ 42. Kg2 Bc8 43. f6+ Kd7 44. g5 Qe5 45. Qd2 Qe3 46. Qxe3
Rxe3 47. Bxf7 Re5 48. g6 Rg5+ 49. Kh2 Kd6 50. g7 Ke5 51. Bxd5 Kxf6 52. g8=Q
Rxg8 53. Bxg8 Bf5 54. Kg3 Bxd3 55. Kf4 Bf5 56. b4 axb4 57. axb4 Bd3 58. Ke3 Bf1
59. Kd4 b6 60. Bh7 Ke6 61. Be4 Kd6 62. Bf3 Bh3 63. Be4 Be6 64. Bf3 Bd5 65. Be2
c5+ 66. bxc5+ bxc5+ 67. Kc3 Ke5 68. Bd3 Kf4 69. Bb5 Ke3 1/2-1/2

[Event "27. Torneo San Viator 2016"]
[Site "Madrid ESP"]
[Date "2016.10.02"]
[Round "2.16"]
[White "Rodriguez Romero, Martin"]
[Black "Perez Gonzalez, Daniel"]
[Result "1-0"]
[WhiteElo "1666"]
[BlackElo "1786"]
[PlyCount "63"]
[EventDate "2016.09.25"]
[EventType "swiss"]
[EventRounds "9"]
[EventCountry "ESP"]
[Source "lmi"]
[SourceDate "2016.09.25"]

1. e4 c5 2. Nc3 a6 3. g3 b5 4. d3 Bb7 5. Bg2 e6 6. Be3 Nf6 7. h3 d5 8. exd5
Nxd5 9. Nxd5 Bxd5 10. Bxd5 exd5 11. d4 c4 12. Ne2 Nd7 13. Nf4 Nf6 14. O-O Be7
15. Nh5 O-O 16. Nxf6+ Bxf6 17. c3 a5 18. a3 Re8 19. Qf3 Qd7 20. Kh2 b4 21. axb4
axb4 22. cxb4 Rab8 23. Ra5 Red8 24. Rfa1 Rxb4 25. Ra8 Rxb2 26. R1a7 Rb7 27. Ra5
Rxa8 28. Rxa8+ Bd8 29. Bg5 f6 30. Bxf6 gxf6 31. Qxf6 Qe7 32. Rxd8+ 1-0

[Event "27. Torneo San Viator 2016"]
[Site "Madrid ESP"]
[Date "2016.10.02"]
[Round "2.17"]
[White "Gil Calvente, Jose Antonio"]
[Black "Gil Sierra, Jacinto"]
[Result "0-1"]
[WhiteElo "1721"]
[BlackElo "1976"]
[PlyCount "64"]
[EventDate "2016.09.25"]
[EventType "swiss"]
[EventRounds "9"]
[EventCountry "ESP"]
[Source "lmi"]
[SourceDate "2016.09.25"]

1. d4 e6 2. e4 d5 3. Nd2 c5 4. Ngf3 Nc6 5. c3 cxd4 6. cxd4 Qb6 7. Bd3 Nf6 8. e5
Nd7 9. O-O Be7 10. Qe2 Nxd4 11. Nxd4 Qxd4 12. Nf3 Qb6 13. Be3 Bc5 14. Bxc5 Nxc5
15. Bb5+ Bd7 16. Bxd7+ Nxd7 17. Rfc1 O-O 18. Rc3 Rfc8 19. Rac1 Rc6 20. Rxc6
bxc6 21. a3 a5 22. h4 h6 23. g4 Rb8 24. Rc2 Qb5 25. Qd2 c5 26. h5 Qb3 27. Kg2
d4 28. g5 Qd5 29. Qf4 hxg5 30. Qxg5 Rb3 31. Qf4 Nxe5 32. Qxe5 Qxf3+ 0-1

[Event "27. Torneo San Viator 2016"]
[Site "Madrid ESP"]
[Date "2016.10.02"]
[Round "2.18"]
[White "Perez Vazquez, Manuel"]
[Black "Yeves Miquel, Enrique"]
[Result "1-0"]
[WhiteElo "1861"]
[BlackElo "1827"]
[PlyCount "61"]
[EventDate "2016.09.25"]
[EventType "swiss"]
[EventRounds "9"]
[EventCountry "ESP"]
[Source "lmi"]
[SourceDate "2016.09.25"]

1. d4 Nf6 2. c4 e6 3. Nc3 Bb4 4. f3 d5 5. a3 Be7 6. e4 dxe4 7. fxe4 e5 8. d5
Bc5 9. Nf3 Bg4 10. h3 Bxf3 11. Qxf3 a5 12. Be2 O-O 13. Bg5 Nbd7 14. O-O-O Qe7
15. Nb5 Rfc8 16. Rhf1 c6 17. Nc3 Bd4 18. dxc6 bxc6 19. Qg3 Rcb8 20. Bg4 Qd6 21.
Bxd7 Nxd7 22. Rxd4 Qxd4 23. Bh6 g6 24. Qf3 f6 25. Rd1 Qa7 26. Qg4 Rb7 27. Qe6+
Kh8 28. Qxc6 Qa6 29. Qd5 Rc8 30. Qf7 Nc5 31. Bg7# 1-0

[Event "27. Torneo San Viator 2016"]
[Site "Madrid ESP"]
[Date "2016.10.02"]
[Round "2.19"]
[White "Blanco Diez, David"]
[Black "Rodriguez Valero, Martin"]
[Result "0-1"]
[WhiteElo "1845"]
[BlackElo "1808"]
[PlyCount "98"]
[EventDate "2016.09.25"]
[EventType "swiss"]
[EventRounds "9"]
[EventCountry "ESP"]
[Source "lmi"]
[SourceDate "2016.09.25"]

1. d4 Nf6 2. c4 g6 3. Nc3 Bg7 4. e4 d6 5. f3 O-O 6. Be3 c5 7. Nge2 Qa5 8. Rc1
Nc6 9. d5 Ne5 10. Ng3 a6 11. Be2 b5 12. b3 bxc4 13. Bxc4 Nxc4 14. bxc4 Nd7 15.
Qd2 Ne5 16. Qe2 Qb4 17. O-O Qxc4 18. Qd2 Qd3 19. Rb1 Qxd2 20. Bxd2 Nc4 21. Be1
Re8 22. Kf2 Bd7 23. Ke2 Rab8 24. Bd2 Bb5 25. Nxb5 Rxb5 26. Rxb5 axb5 27. Kd3
Ra8 28. Bg5 Rxa2 29. Rb1 h6 30. Bc1 Na3 31. Bxa3 Rxa3+ 32. Ke2 b4 33. Kd1 Ra2
34. Ne2 g5 35. h3 Be5 36. Ke1 Kg7 37. Rb3 Rb2 38. Rd3 c4 39. Rd1 Kf6 40. g3 Kg6
41. Rc1 c3 42. f4 Bf6 43. Kf2 c2 44. g4 b3 45. f5+ Kg7 46. Ke3 Rb1 47. Kd2 Be5
48. Kd3 Bf4 49. Nxf4 gxf4 0-1

[Event "27. Torneo San Viator 2016"]
[Site "Madrid ESP"]
[Date "2016.10.02"]
[Round "2.20"]
[White "Comeron Galan, Daniel"]
[Black "Magan Gonzalez, Alberto"]
[Result "1/2-1/2"]
[WhiteElo "1493"]
[BlackElo "1829"]
[PlyCount "94"]
[EventDate "2016.09.25"]
[EventType "swiss"]
[EventRounds "9"]
[EventCountry "ESP"]
[Source "lmi"]
[SourceDate "2016.09.25"]

1. d4 c5 2. c3 e6 3. Bf4 cxd4 4. cxd4 Nc6 5. e3 Nf6 6. h3 Bb4+ 7. Nc3 Qa5 8.
Qc2 Nd5 9. Nge2 Nxf4 10. Nxf4 d5 11. a3 Bxc3+ 12. Qxc3 Bd7 13. Rc1 Qd8 14. Be2
O-O 15. O-O Ne7 16. Qc7 Bc6 17. Qxd8 Rfxd8 18. Rc3 Rac8 19. Rfc1 Nf5 20. Nd3
Kf8 21. Kf1 Ke8 22. Ke1 Bd7 23. Ne5 Rxc3 24. Rxc3 f6 25. Nxd7 Kxd7 26. Bb5+ Kd6
27. Bd3 g6 28. Ke2 Ne7 29. f4 Rc8 30. Rxc8 Nxc8 31. b4 a6 32. a4 Nb6 33. a5 Nd7
34. Kf3 Nb8 35. b5 axb5 36. Bxb5 e5 37. fxe5+ fxe5 38. dxe5+ Kxe5 39. g4 h6 40.
h4 g5 41. hxg5 hxg5 42. Ba4 d4 43. exd4+ Kxd4 44. Bb5 Kc5 45. Be8 Nc6 46. Ke4
Nxa5 47. Kf5 Nc6 1/2-1/2

[Event "27. Torneo San Viator 2016"]
[Site "Madrid ESP"]
[Date "2016.10.02"]
[Round "2.21"]
[White "Campos Tores, Jose Luis"]
[Black "Martinez Sanz, Ignacio"]
[Result "0-1"]
[WhiteElo "1829"]
[BlackElo "1705"]
[PlyCount "74"]
[EventDate "2016.09.25"]
[EventType "swiss"]
[EventRounds "9"]
[EventCountry "ESP"]
[Source "lmi"]
[SourceDate "2016.09.25"]

1. e4 c6 2. d4 d5 3. exd5 cxd5 4. c4 Nf6 5. Nc3 e6 6. Nf3 Be7 7. Bd3 O-O 8. O-O
Nc6 9. a3 a6 10. Re1 dxc4 11. Bxc4 b5 12. Ba2 Bb7 13. Bf4 Qb6 14. d5 exd5 15.
Nxd5 Nxd5 16. Bxd5 Bc5 17. Be3 Rad8 18. Rc1 Bxe3 19. Rxe3 Nb4 20. axb4 Rxd5 21.
Rd3 Rxd3 22. Qxd3 Rd8 23. Qc3 h6 24. Re1 Qd6 25. h3 Rc8 26. Qe3 Bxf3 27. Qxf3
Qxb4 28. Re2 Qd6 29. Qe3 a5 30. Re1 a4 31. Qe2 b4 32. Qb5 a3 33. bxa3 bxa3 34.
Re8+ Rxe8 35. Qxe8+ Kh7 36. Qxf7 Qd1+ 37. Kh2 Qb1 0-1

[Event "27. Torneo San Viator 2016"]
[Site "Madrid ESP"]
[Date "2016.10.09"]
[Round "3.1"]
[White "Quispe Arteaga, Gabriel"]
[Black "Aguilera Lopez, Alejandro"]
[Result "1-0"]
[WhiteElo "2270"]
[BlackElo "2113"]
[PlyCount "79"]
[EventDate "2016.09.25"]
[EventType "swiss"]
[EventRounds "9"]
[EventCountry "ESP"]
[Source "lmi"]
[SourceDate "2016.09.25"]

1. d4 d5 2. c4 e6 3. Nf3 Nf6 4. e3 Nbd7 5. Be2 b6 6. O-O Bd6 7. b3 O-O 8. Bb2
Ne4 9. Nc3 Bb7 10. Rc1 a6 11. cxd5 exd5 12. Nxe4 dxe4 13. Nd2 f5 14. Nc4 Rf6
15. Nxd6 Rxd6 16. f4 Rh6 17. g3 Nf6 18. Qd2 Nd5 19. Rf2 Rc8 20. Re1 Rd6 21. g4
c5 22. gxf5 cxd4 23. Bxd4 Nxe3 24. Qxe3 Rxd4 25. Rg2 Qf6 26. Bc4+ Kh8 27. Rg6
Qxf5 28. Rxg7 Rdxc4 29. Rxb7 Qg6+ 30. Kh1 Rg8 31. Qf2 Qc6 32. Qe3 Qg6 33. Qe2
Rc3 34. Qb2 Qc6 35. Re2 Qxb7 36. Qxc3+ Rg7 37. Rg2 b5 38. Kg1 b4 39. Qe5 h6 40.
Kf2 1-0

[Event "27. Torneo San Viator 2016"]
[Site "Madrid ESP"]
[Date "2016.10.09"]
[Round "3.2"]
[White "Cervino Rossel, Cristobal"]
[Black "Nunez Miranda, Adrian"]
[Result "0-1"]
[WhiteElo "2052"]
[BlackElo "2143"]
[PlyCount "88"]
[EventDate "2016.09.25"]
[EventType "swiss"]
[EventRounds "9"]
[EventCountry "ESP"]
[Source "lmi"]
[SourceDate "2016.09.25"]

1. Nf3 c5 2. g3 Nf6 3. Bg2 Nc6 4. O-O e5 5. d3 d5 6. c4 Be7 7. cxd5 Nxd5 8. Nc3
Be6 9. Bd2 f6 10. Rc1 Qd7 11. Re1 O-O 12. Nxd5 Bxd5 13. a3 Rac8 14. h4 Rfd8 15.
Bc3 b5 16. Bd2 Be6 17. Be3 Nd4 18. Bxd4 cxd4 19. Qd2 b4 20. Rxc8 Rxc8 21. axb4
Rb8 22. Ra1 Bxb4 23. Qd1 Bc5 24. Qc2 Qb5 25. Rc1 Bd6 26. Qc6 Qxb2 27. Rc2 Qb6
28. Nd2 Qxc6 29. Rxc6 Rb6 30. Nc4 Rxc6 31. Bxc6 Bb4 32. Kg2 Kf7 33. Kf3 Ke7 34.
e3 a5 35. exd4 exd4 36. Ke2 Bd7 37. Bxd7 Kxd7 38. Kd1 Kc6 39. g4 a4 40. f3 Bc3
41. h5 Kc5 42. Kc2 Kb4 43. Nb6 a3 44. Nd5+ Kc5 0-1